Представление документа в формате MARC21

Поле Инд. ПП Название Значение
Тип записи a
Библиографический уровень m
001 Контрольный номер RU/IS/BASE/264545558
005 Дата корректировки 20250428164211.7
008 Кодируемые данные 19971013
040 00 e Правила каталог. Т 971013
084 a Индекс другой классификации/Индекс ББК 84(2=411.2)6-445.1
090 00 a Полочн. индекс 84(2=411.2)6-445.1
x Авторский знак Л 252
097 00 a 210
100 10 a Автор Ларионова О. Н.
q Полное имя Ларионова Ольга Николаевна
245 00 a Заглавие Знаки зодиака
b Продолж. заглавия рассказы
c Ответственность редактор В. Щербаков; рецензент М. Шаламов; художник С. Ашуров
260 00 a Место издания Москва
b Издательство Молодая гвардия
c Дата издания 1983
300 00 a Объем 224 с.
b Иллюстрации/ тип воспроизводства ил.
336 a Термин вида содержания Текст
337 a Термин типа средства непосредственный
440 00 a Серия Библиотека советской фантастики
505 a Форматированное содержание Сотворение миров
505 0_ a Форматированное содержание Дотянуть до океана
505 0_ a Форматированное содержание Вернись за своим Стором
505 0_ a Форматированное содержание Соната ужа
505 0_ a Форматированное содержание Планета, которая ничего не может дать
505 0_ a Форматированное содержание Где королевская охота
505 0_ a Форматированное содержание Подсадная утка
505 0_ a Форматированное содержание У моря, где край земли
650 a Основная рубрика художественная литература
653 00 a Ключевые слова XX век
a Ключевые слова Россия
a Ключевые слова русская литература
655 a Жанр/ форма (устаревшее) проза
a Жанр/ форма (устаревшее) рассказ
a Жанр/ форма (устаревшее) фантастика
700 a Автор Щербаков В.
e Роль лиц редактор
700 1_ a Автор Шаламов М.
e Роль лиц рецензент
700 1_ a Автор Ашуров С.
e Роль лиц художник
901 t Тип документа m
952 a Тип литературы для КСУ ВШ ЛХИ